[Event "DEM U14w 2011"]
[Site "Oberhof GER"]
[Date "2011.06.14"]
[Round "5"]
[White "Paliy, Margaryta"]
[Black "Bohdjalian, Roxanne"]
[Result "1-0"]
[Termination "normal"]
[Board "14"]
[WhiteElo "1237"]
[BlackElo "993"]
[PlyCount "119"]
[WhiteFideId "24692417"]
[BlackFideId "12937789"]
[EventCountry "GER"]
[EventRounds "9"]
[EventType "swiss"]
[EventDate "2011.06.11"]

1. e4 e5 2. Nf3 Nc6 3. Nc3 Nf6 4. Bb5 d6 5. d3 Bd7 6. Bg5 Be7 7. O-O h6 8. Bh4
Nd4 9. Bxd7+ Qxd7 10. Bxf6 gxf6 11. Nd5 O-O-O 12. Nxe7+ Qxe7 13. Nxd4 exd4 14.
Re1 h5 15. h3 Qe5 16. Qf3 Rhg8 17. Qf5+ Qxf5 18. exf5 Rg5 19. Re7 Rf8 20. Rae1
Kd8 21. R7e4 Rxf5 22. Rxd4 Re5 23. Rxe5 fxe5 24. Rh4 Re8 25. Kf1 c6 26. Rxh5 e4
27. dxe4 Rxe4 28. b3 Rd4 29. Ke1 c5 30. Rf5 Ke7 31. g3 a5 32. Rf4 Rxf4 33. gxf4
Kf6 34. Ke2 Kf5 35. Kf3 b5 36. h4 c4 37. bxc4 bxc4 38. Ke3 d5 39. Kd4 Kxf4 40.
Kxd5 Kg4 41. Kxc4 Kxh4 42. Kb5 f5 43. c4 f4 44. c5 Kh3 45. c6 Kg2 46. c7 Kxf2
47. c8=Q f3 48. Qc5+ Kg2 49. Qg5+ Kf2 50. Kc4 Ke2 51. Qe5+ Kf2 52. Kd4 a4 53.
Qe3+ Kg2 54. Qg5+ Kf2 55. Ke4 a3 56. Qe3+ Kg2 57. Qxf3+ Kh2 58. Qg4 Kh1 59. Kf3
Kh2 60. Qg2# 1-0

[Event "DEM U14w 2011"]
[Site "Oberhof GER"]
[Date "2011.06.15"]
[Round "6"]
[White "Diederichs, Luise"]
[Black "Schwarz, Larissa"]
[Result "0-1"]
[Termination "normal"]
[Board "1"]
[WhiteElo "1699"]
[BlackElo "1748"]
[PlyCount "62"]
[WhiteFideId "24661597"]
[BlackFideId "24699004"]
[EventCountry "GER"]
[EventRounds "9"]
[EventType "swiss"]
[EventDate "2011.06.11"]

1. d4 Nf6 2. Nf3 g6 3. g3 Bg7 4. Bg2 O-O 5. c4 d5 6. cxd5 Nxd5 7. O-O Nc6 8.
Nc3 Nxc3 9. bxc3 Na5 10. Qc2 c5 11. Rd1 Bd7 12. Ba3 Nc4 13. Qb3 Be6 14. d5 Bxd5
15. e4 Qa5 16. Rxd5 Nxa3 17. Rc1 b6 18. c4 Qb4 19. Ne1 Bb2 20. Rcd1 e6 21. Rd7
Qxb3 22. axb3 e5 23. R1d5 Bd4 24. Nd3 Nb1 25. Nc1 Nc3 26. R5d6 b5 27. Ra6 bxc4
28. bxc4 Rab8 29. Nd3 Rb1+ 30. Bf1 Nxe4 31. Raxa7 Nd2 0-1

[Event "DEM U14w 2011"]
[Site "Oberhof GER"]
[Date "2011.06.15"]
[Round "6"]
[White "Srokovskiy, Andrea"]
[Black "Böhm, Jana"]
[Result "1-0"]
[Termination "normal"]
[Board "2"]
[WhiteElo "1749"]
[BlackElo "1743"]
[PlyCount "101"]
[WhiteFideId "4624947"]
[BlackFideId "24661589"]
[EventCountry "GER"]
[EventRounds "9"]
[EventType "swiss"]
[EventDate "2011.06.11"]

1. d4 Nf6 2. Nf3 g6 3. Bf4 Nh5 4. Bg5 h6 5. Bd2 d5 6. e3 Bg7 7. c4 c6 8. Nc3
Nf6 9. Be2 O-O 10. O-O dxc4 11. Bxc4 Nbd7 12. Qe2 c5 13. Rfe1 a6 14. a4 cxd4
15. exd4 Nb6 16. Bb3 e6 17. Rac1 Nbd5 18. Nxd5 Nxd5 19. Ne5 Bd7 20. Bxd5 exd5
21. Nxd7 Qxd7 22. b3 h5 23. Be3 Rfe8 24. Qd2 Rac8 25. Qb4 Rxc1 26. Rxc1 Qe7 27.
Qb6 Qe4 28. h3 Kh7 29. Qxb7 Re7 30. Qb4 Qe6 31. Qa5 Rb7 32. b4 Bf8 33. b5 Qb6
34. Qxa6 Qxa6 35. bxa6 Ra7 36. Rc6 Bg7 37. Kf1 Kg8 38. Ke2 Kf8 39. Kd3 Ke7 40.
Kc3 Kd7 41. Rb6 Kc7 42. a5 f6 43. Kb4 Bf8+ 44. Kb5 Bd6 45. Bd2 g5 46. Bb4 Bxb4
47. Kxb4 f5 48. Kc5 g4 49. hxg4 fxg4 50. g3 h4 51. gxh4 1-0

[Event "DEM U14w 2011"]
[Site "Oberhof GER"]
[Date "2011.06.15"]
[Round "6"]
[White "Heinemann, Josefine"]
[Black "Siegl, Melina"]
[Result "1-0"]
[Termination "normal"]
[Board "3"]
[WhiteElo "1716"]
[BlackElo "1665"]
[PlyCount "76"]
[WhiteFideId "12900460"]
[BlackFideId "1272126"]
[EventCountry "GER"]
[EventRounds "9"]
[EventType "swiss"]
[EventDate "2011.06.11"]

1. e4 c5 2. Nf3 e6 3. d4 cxd4 4. Nxd4 Bc5 5. Nb3 Bb6 6. Bf4 Ne7 7. Be2 O-O 8.
Nc3 a6 9. O-O f5 10. Bd6 Bc7 11. e5 Nbc6 12. f4 Bb6+ 13. Kh1 Bc7 14. Rf3 Bxd6
15. Qxd6 Ng6 16. Rd1 b6 17. Rff1 Qe7 18. Bf3 Qxd6 19. Rxd6 Nh4 20. Bxc6 dxc6
21. Nd4 Re8 22. Nxc6 Bb7 23. Rf2 Bxc6 24. Rxc6 b5 25. Rd2 Kf7 26. Rdd6 Rac8 27.
Rxe6 Rxc6 28. Rxc6 Rd8 29. g3 Nf3 30. Kg2 Ne1+ 31. Kf1 Nxc2 32. Nxb5 Rd2 33.
Nd6+ Kf8 34. Rc8+ Ke7 35. Nxf5+ Kd7 36. Rc3 g6 37. e6+ Kxe6 38. Rxc2 Kd5 1-0

[Event "DEM U14w 2011"]
[Site "Oberhof GER"]
[Date "2011.06.15"]
[Round "6"]
[White "Schäfer, Annabelle"]
[Black "Lagunow, Elina"]
[Result "1-0"]
[Termination "normal"]
[Board "5"]
[WhiteElo "1545"]
[BlackElo "1738"]
[PlyCount "117"]
[WhiteFideId "12917729"]
[BlackFideId "4673387"]
[EventCountry "GER"]
[EventRounds "9"]
[EventType "swiss"]
[EventDate "2011.06.11"]

1. e4 d6 2. d4 Nf6 3. Nc3 c6 4. h3 g6 5. Nf3 Bg7 6. Bd3 O-O 7. O-O Nbd7 8. Bf4
Re8 9. Qd2 e5 10. dxe5 dxe5 11. Be3 Qe7 12. Bh6 a5 13. Bxg7 Kxg7 14. a4 Nc5 15.
Rfd1 Bd7 16. Qe2 Rad8 17. Bc4 Nh5 18. Qe3 Nf4 19. Rd2 Rb8 20. Rad1 b5 21. axb5
cxb5 22. Ba2 Bc6 23. Rd6 Bd5 24. R6xd5 Nxd5 25. Rxd5 Nd7 26. Nxb5 Nf6 27. Rxe5
Qb4 28. Rxe8 Rxe8 29. Qb3 Qxb3 30. Bxb3 Nxe4 31. Kf1 Nc5 32. Bxf7 Rb8 33. Bc4
Na4 34. b3 Nb2 35. Be2 Rc8 36. c3 a4 37. bxa4 Nxa4 38. c4 Nb6 39. Nd2 Ra8 40.
f4 Kf6 41. c5 Nd5 42. Bf3 Rd8 43. Bxd5 Rxd5 44. Ne4+ Kf5 45. Nbd6+ Kxf4 46. Kf2
Ke5 47. Ke3 Rd1 48. Nf7+ Ke6 49. Nfg5+ Ke5 50. Nf3+ Ke6 51. Kf4 h6 52. Ke3 Rc1
53. Nd4+ Kd7 54. Kf4 Ra1 55. Ke5 Ra2 56. g3 Rg2 57. Kd5 Rg1 58. c6+ Kd8 59.
Ne6+ 1-0

[Event "DEM U14w 2011"]
[Site "Oberhof GER"]
[Date "2011.06.15"]
[Round "6"]
[White "Mehling, Katharina"]
[Black "Zahn, Alina"]
[Result "0-1"]
[Termination "normal"]
[Board "6"]
[WhiteElo "1644"]
[BlackElo "1599"]
[PlyCount "62"]
[WhiteFideId "12900362"]
[BlackFideId "24696730"]
[EventCountry "GER"]
[EventRounds "9"]
[EventType "swiss"]
[EventDate "2011.06.11"]

1. d4 d5 2. Nc3 Nf6 3. Bg5 e6 4. e4 dxe4 5. Nxe4 Be7 6. Bxf6 Bxf6 7. Nf3 O-O 8.
c3 b6 9. Bd3 Bb7 10. O-O Nd7 11. Re1 Be7 12. Qc2 h6 13. Rad1 Qc8 14. Re2 Rd8
15. Qb3 c5 16. a3 Qc7 17. Bc2 c4 18. Qa2 Nf6 19. Qb1 Nd5 20. a4 a6 21. Rde1 b5
22. axb5 axb5 23. b4 cxb3 24. Qxb3 Ra3 25. Qb2 Nxc3 26. Rd2 b4 27. Bb1 Rda8 28.
Rc1 Qa5 29. Re1 Ra1 30. Nc5 Bxc5 31. dxc5 Nxb1 0-1

[Event "DEM U14w 2011"]
[Site "Oberhof GER"]
[Date "2011.06.15"]
[Round "6"]
[White "Gaßmann, Linda"]
[Black "Nitzsche, Pia"]
[Result "1/2-1/2"]
[Termination "normal"]
[Board "7"]
[WhiteElo "1799"]
[BlackElo "1590"]
[PlyCount "72"]
[WhiteFideId "12900451"]
[BlackFideId "12900370"]
[EventCountry "GER"]
[EventRounds "9"]
[EventType "swiss"]
[EventDate "2011.06.11"]

1. e4 c5 2. Nf3 d6 3. d3 Nc6 4. g3 Nf6 5. Bg2 g6 6. O-O Bg7 7. Re1 O-O 8. c3
Rb8 9. a4 a6 10. Nbd2 Bd7 11. Nh4 b5 12. axb5 axb5 13. f4 b4 14. Qc2 bxc3 15.
bxc3 Ne8 16. Ra2 Nc7 17. Nc4 Be6 18. e5 Bxc4 19. dxc4 Qd7 20. Qe4 Nd8 21. Rd1
Nb7 22. Ra7 Nd8 23. Qd3 Rb3 24. Qc2 Rb6 25. Be3 Nde6 26. Ra5 Qc8 27. exd6 exd6
28. f5 Nd8 29. Bf4 Nb7 30. Raa1 Rd8 31. fxg6 fxg6 32. Bg5 Re8 33. Re1 Qd7 34.
Rxe8+ Qxe8 35. Bf4 Qe6 36. Qd3 Bf8 1/2-1/2

[Event "DEM U14w 2011"]
[Site "Oberhof GER"]
[Date "2011.06.15"]
[Round "6"]
[White "Koch, Elisabeth"]
[Black "Rahimi, Anita"]
[Result "1-0"]
[Termination "normal"]
[Board "8"]
[WhiteElo "1538"]
[BlackElo "1341"]
[PlyCount "59"]
[WhiteFideId "24695068"]
[BlackFideId "24692336"]
[EventCountry "GER"]
[EventRounds "9"]
[EventType "swiss"]
[EventDate "2011.06.11"]

1. e4 c5 2. Nc3 a6 3. f4 d6 4. Nf3 Nc6 5. d3 e6 6. g3 Bd7 7. Bg2 b5 8. O-O Be7
9. a3 Bf6 10. e5 dxe5 11. Nxe5 Bxe5 12. fxe5 Rc8 13. Ne4 Nxe5 14. Nd6+ Kf8 15.
Nxc8 Qxc8 16. Bf4 Ng6 17. Bd6+ Ke8 18. Qf3 Nf6 19. Qb7 c4 20. Qxc8+ Bxc8 21.
dxc4 bxc4 22. Bc6+ Bd7 23. Bb7 Bb5 24. a4 Bd7 25. Bxa6 Ne4 26. Bb4 Ne5 27. Bb5
Bxb5 28. axb5 Ng6 29. Ra8+ Kd7 30. Rxf7+ 1-0

[Event "DEM U14w 2011"]
[Site "Oberhof GER"]
[Date "2011.06.15"]
[Round "6"]
[White "Genath, Maren"]
[Black "Weber, Sandra"]
[Result "1/2-1/2"]
[Termination "normal"]
[Board "9"]
[WhiteElo "1225"]
[BlackElo "1624"]
[PlyCount "47"]
[BlackFideId "1270049"]
[EventCountry "GER"]
[EventRounds "9"]
[EventType "swiss"]
[EventDate "2011.06.11"]

1. e4 c5 2. Nf3 Nc6 3. d4 cxd4 4. Nxd4 g6 5. Bc4 Bg7 6. c3 Nf6 7. Nxc6 bxc6 8.
e5 Ng8 9. Qf3 e6 10. Bf4 f6 11. exf6 Qxf6 12. Nd2 d5 13. Bb3 e5 14. Bg3 Bf5 15.
Ba4 Ne7 16. O-O h5 17. Bxe5 Qxe5 18. Bxc6+ Kf7 19. Bxa8 Rxa8 20. Rfe1 Qb8 21.
Qe2 Bf6 22. Nf3 Nc6 23. Rad1 Be4 24. Rd2 1/2-1/2

[Event "DEM U14w 2011"]
[Site "Oberhof GER"]
[Date "2011.06.15"]
[Round "6"]
[White "Bosse, Lea"]
[Black "Krein, Jana"]
[Result "1-0"]
[Termination "normal"]
[Board "10"]
[WhiteElo "1541"]
[BlackElo "1213"]
[PlyCount "31"]
[WhiteFideId "12900419"]
[BlackFideId "12937762"]
[EventCountry "GER"]
[EventRounds "9"]
[EventType "swiss"]
[EventDate "2011.06.11"]

1. e4 e5 2. Nf3 Nc6 3. Bc4 Bc5 4. d4 Bxd4 5. Nxd4 Nxd4 6. O-O d6 7. f4 Nc6 8.
Nc3 Nf6 9. fxe5 Nxe5 10. Bb3 O-O 11. Bg5 Bg4 12. Qe1 Ned7 13. Nd5 Kh8 14. Qh4
Be6 15. Nxf6 Nxf6 16. Rxf6 1-0

[Event "DEM U14w 2011"]
[Site "Oberhof GER"]
[Date "2011.06.15"]
[Round "6"]
[White "Klinge, Alexandra"]
[Black "Reksten, Anne"]
[Result "0-1"]
[Termination "normal"]
[Board "11"]
[WhiteElo "1127"]
[BlackElo "1358"]
[PlyCount "36"]
[BlackFideId "24692778"]
[EventCountry "GER"]
[EventRounds "9"]
[EventType "swiss"]
[EventDate "2011.06.11"]

1. e4 c6 2. d4 d5 3. Nc3 dxe4 4. Nxe4 Bf5 5. Ng3 Bg6 6. h4 h6 7. Nf3 Nd7 8. h5
Bh7 9. Bd3 Bxd3 10. Qxd3 e6 11. Bd2 Ngf6 12. O-O-O c5 13. Kb1 Qc7 14. Bc1 c4
15. Qe2 Nd5 16. c3 b5 17. a3 Bxa3 18. bxa3 Nxc3+ 0-1

[Event "DEM U14w 2011"]
[Site "Oberhof GER"]
[Date "2011.06.15"]
[Round "6"]
[White "Petermann, Tessa"]
[Black "Paliy, Margaryta"]
[Result "1-0"]
[Termination "normal"]
[Board "12"]
[WhiteElo "1358"]
[BlackElo "1237"]
[PlyCount "47"]
[WhiteFideId "12929492"]
[BlackFideId "24692417"]
[EventCountry "GER"]
[EventRounds "9"]
[EventType "swiss"]
[EventDate "2011.06.11"]

1. e4 e5 2. Nf3 Nf6 3. Nc3 Nc6 4. d4 exd4 5. Nxd4 Nxd4 6. Qxd4 d6 7. f3 Be7 8.
Be3 O-O 9. Be2 c6 10. O-O-O Be6 11. g4 h6 12. g5 hxg5 13. Bxg5 d5 14. exd5 Bxd5
15. Rhg1 Qd6 16. Bh6 c5 17. Rxg7+ Kh8 18. Qh4 Ne8 19. Bg5+ Kxg7 20. Bxe7 Rh8
21. Rg1+ Qg6 22. Rxg6+ fxg6 23. Qg3 Bf7 24. Bxc5 1-0

[Event "DEM U14w 2011"]
[Site "Oberhof GER"]
[Date "2011.06.15"]
[Round "6"]
[White "Lemke, Berfîn"]
[Black "Denz, Annika"]
[Result "1-0"]
[Termination "normal"]
[Board "13"]
[WhiteElo "1592"]
[BlackElo "1261"]
[PlyCount "103"]
[WhiteFideId "1270578"]
[BlackFideId "12922935"]
[EventCountry "GER"]
[EventRounds "9"]
[EventType "swiss"]
[EventDate "2011.06.11"]

1. e4 e5 2. Nf3 Nc6 3. Bc4 Bc5 4. c3 Nf6 5. d3 O-O 6. Bb3 b5 7. Bg5 h6 8. Bh4
Be7 9. Nbd2 d5 10. Bxf6 Bxf6 11. Bxd5 Bb7 12. Nf1 Rb8 13. Ne3 b4 14. Bb3 Ba6
15. Nd5 bxc3 16. bxc3 Na5 17. Bc2 c6 18. Nb4 Bb7 19. Bb3 c5 20. Nd5 Bxd5 21.
Bxd5 Kh8 22. O-O Qd6 23. Qa4 Bd8 24. d4 exd4 25. cxd4 cxd4 26. Nxd4 Bc7 27. Nf3
f5 28. g3 f4 29. Rad1 fxg3 30. fxg3 Qc5+ 31. Qd4 Qe7 32. Kh1 Rfd8 33. Nh4 Qe8
34. Rf7 Qg8 35. Rdf1 Bd6 36. Rf8 Bxf8 37. Rxf8 Rb1+ 38. Kg2 Qxf8 39. Ng6+ Kh7
40. Nxf8+ Rxf8 41. e5 Rd8 42. Be4+ g6 43. Qxd8 Rb2+ 44. Kh3 h5 45. Qxa5 Kh6 46.
Qd8 Kg7 47. Qe7+ Kh6 48. Qf8+ Kh7 49. Qf7+ Kh8 50. Bxg6 Rxh2+ 51. Kxh2 a6 52.
Qf8# 1-0

[Event "DEM U14w 2011"]
[Site "Oberhof GER"]
[Date "2011.06.16"]
[Round "7"]
[White "Schwarz, Larissa"]
[Black "Bluhm, Sonja Maria"]
[Result "0-1"]
[Termination "normal"]
[Board "1"]
[WhiteElo "1748"]
[BlackElo "1867"]
[PlyCount "110"]
[WhiteFideId "24699004"]
[BlackFideId "24654027"]
[EventCountry "GER"]
[EventRounds "9"]
[EventType "swiss"]
[EventDate "2011.06.11"]

1. e4 c5 2. Ne2 Nc6 3. d3 e6 4. g3 g6 5. Bg2 Bg7 6. Nbc3 a6 7. Be3 d6 8. O-O
Nge7 9. f4 O-O 10. Qd2 Nd4 11. Nd1 Qc7 12. c3 Nxe2+ 13. Qxe2 Rb8 14. a4 b5 15.
axb5 axb5 16. d4 c4 17. Qc2 Nc6 18. d5 exd5 19. exd5 Na5 20. Nf2 b4 21. cxb4
Rxb4 22. Bd2 Rxb2 23. Bxa5 Rxc2 24. Bxc7 Bxa1 25. Rxa1 Re8 26. Bf1 Bb7 27. Ng4
Ra8 28. Rxa8+ Bxa8 29. Ne3 Rc1 30. Bxd6 c3 31. Kf2 c2 32. Ba3 Rd1 33. Nxc2 Rd2+
34. Ke1 Rxc2 35. d6 Bc6 36. Be2 Ra2 37. Bb4 Ra7 38. Kd2 Bd7 39. Ke3 Kg7 40. g4
f5 41. g5 Kf7 42. h4 Ra1 43. h5 Ra4 44. hxg6+ hxg6 45. Bc3 Re4+ 46. Kf3 Bc6 47.
Bd2 Ke6 48. Kf2 Kxd6 49. Bf3 Ra4 50. Bxc6 Kxc6 51. Ke3 Kd5 52. Kf3 Ra3+ 53. Be3
Rb3 54. Ke2 Ke4 55. Bc1 Rf3 0-1

[Event "DEM U14w 2011"]
[Site "Oberhof GER"]
[Date "2011.06.16"]
[Round "7"]
[White "Srokovskiy, Andrea"]
[Black "Heinemann, Josefine"]
[Result "1-0"]
[Termination "normal"]
[Board "2"]
[WhiteElo "1749"]
[BlackElo "1716"]
[PlyCount "87"]
[WhiteFideId "4624947"]
[BlackFideId "12900460"]
[EventCountry "GER"]
[EventRounds "9"]
[EventType "swiss"]
[EventDate "2011.06.11"]

1. e4 c5 2. Nf3 d6 3. d4 cxd4 4. Nxd4 Nf6 5. f3 e5 6. Bb5+ Bd7 7. Bxd7+ Qxd7 8.
Nf5 d5 9. Bg5 dxe4 10. Bxf6 Qxd1+ 11. Kxd1 gxf6 12. fxe4 Nc6 13. Nc3 O-O-O+ 14.
Ke2 Nd4+ 15. Nxd4 Rxd4 16. Rad1 Bc5 17. Rhf1 Rg8 18. g3 Rg6 19. Rxd4 Bxd4 20.
Nd5 Rh6 21. h4 Bxb2 22. Rxf6 Rxf6 23. Nxf6 Ba3 24. Nxh7 Be7 25. Ng5 Bxg5 26.
hxg5 Kc7 27. Kf3 Kc6 28. Kg4 Kc5 29. Kf5 Kd4 30. c3+ Kxc3 31. Kf6 Kd4 32. Kxf7
Kxe4 33. g6 Kf3 34. g7 e4 35. g8=Q e3 36. g4 e2 37. Qe8 b5 38. g5 b4 39. g6 Kf2
40. g7 e1=Q 41. Qxe1+ Kxe1 42. g8=Q Kd2 43. Qc8 a5 44. Qc5 1-0

[Event "DEM U14w 2011"]
[Site "Oberhof GER"]
[Date "2011.06.16"]
[Round "7"]
[White "Böhm, Jana"]
[Black "Schäfer, Annabelle"]
[Result "1/2-1/2"]
[Termination "normal"]
[Board "3"]
[WhiteElo "1743"]
[BlackElo "1545"]
[PlyCount "119"]
[WhiteFideId "24661589"]
[BlackFideId "12917729"]
[EventCountry "GER"]
[EventRounds "9"]
[EventType "swiss"]
[EventDate "2011.06.11"]

1. e4 e5 2. Nf3 Nc6 3. Bb5 a6 4. Ba4 Nf6 5. O-O Nxe4 6. d4 exd4 7. Re1 d5 8.
Nxd4 Bd6 9. Nxc6 Bxh2+ 10. Kh1 Qh4 11. Rxe4+ dxe4 12. Qd8+ Qxd8 13. Nxd8+ Kxd8
14. Kxh2 b5 15. Bb3 f6 16. Bd5 Rb8 17. Bxe4 Re8 18. Bd3 c5 19. c4 Be6 20. Bf4
Rb7 21. cxb5 axb5 22. Nc3 Bc4 23. Bxc4 bxc4 24. Rd1+ Kc8 25. Rd2 g5 26. Be3 Re5
27. Nd5 Re6 28. Bxc5 Rb5 29. Ba3 Ra5 30. Rd4 Kb8 31. Nc3 Rc6 32. Kg3 h5 33. Rd6
Raa6 34. Rxc6 Rxc6 35. Nd5 f5 36. Be7 Rg6 37. f3 Kb7 38. Kf2 f4 39. b3 cxb3 40.
axb3 Kc6 41. Nc3 Kd7 42. Bc5 g4 43. fxg4 hxg4 44. b4 Kc6 45. Ne2 Rf6 46. Nd4+
Kd5 47. Ke2 f3+ 48. gxf3 gxf3+ 49. Nxf3 Rc6 50. Be3 Rc2+ 51. Kd3 Rb2 52. Bd2
Rb3+ 53. Bc3 Rb1 54. Nd2 Rh1 55. Kc2 Rh3 56. Kb3 Rh7 57. Nb1 Rh5 58. Na3 Rh3
59. b5 Kc5 60. Kc2 1/2-1/2

[Event "DEM U14w 2011"]
[Site "Oberhof GER"]
[Date "2011.06.16"]
[Round "7"]
[White "Zahn, Alina"]
[Black "Siegl, Melina"]
[Result "1-0"]
[Termination "normal"]
[Board "4"]
[WhiteElo "1599"]
[BlackElo "1665"]
[PlyCount "89"]
[WhiteFideId "24696730"]
[BlackFideId "1272126"]
[EventCountry "GER"]
[EventRounds "9"]
[EventType "swiss"]
[EventDate "2011.06.11"]

1. e4 c5 2. Nf3 Nc6 3. d4 cxd4 4. Nxd4 g6 5. c4 Bg7 6. Be3 Nf6 7. Nc3 O-O 8.
Be2 a6 9. O-O Qc7 10. b3 d6 11. f3 Nd7 12. Nd5 Qd8 13. Rb1 e6 14. Nxc6 bxc6 15.
Nb4 Qc7 16. Qd2 a5 17. Nc2 Rd8 18. Rfd1 Nf6 19. e5 Ne8 20. exd6 Rxd6 21. Qe1 c5
22. Qf2 Rc6 23. f4 Bb7 24. Bf3 Rc8 25. Bxc6 Qxc6 26. Na3 Nd6 27. Qf1 Nf5 28.
Bf2 Nd4 29. Bxd4 Bxd4+ 30. Kh1 e5 31. fxe5 Bxe5 32. Nb5 Qe6 33. Re1 f6 34. Rbd1
Rf8 35. Qf2 Qh3 36. Qg1 Qg4 37. Rd3 h5 38. Nc3 Bd4 39. Qf1 Rd8 40. Rg3 Qh4 41.
Rxg6+ Kh7 42. Rg3 Bxg2+ 43. Qxg2 Bxc3 44. Qc2+ Kh8 45. Qxc3 1-0

[Event "DEM U14w 2011"]
[Site "Oberhof GER"]
[Date "2011.06.16"]
[Round "7"]
[White "Koch, Elisabeth"]
[Black "Diederichs, Luise"]
[Result "0-1"]
[Termination "normal"]
[Board "5"]
[WhiteElo "1538"]
[BlackElo "1699"]
[PlyCount "90"]
[WhiteFideId "24695068"]
[BlackFideId "24661597"]
[EventCountry "GER"]
[EventRounds "9"]
[EventType "swiss"]
[EventDate "2011.06.11"]

1. e4 g6 2. d4 Bg7 3. Nf3 d6 4. Bc4 Nf6 5. Nc3 a6 6. O-O b5 7. Bd3 Bb7 8. a3
O-O 9. Bg5 h6 10. Be3 Nbd7 11. h3 c5 12. d5 c4 13. Be2 Nc5 14. Nd2 Nfd7 15. f4
Kh7 16. Qe1 e6 17. dxe6 fxe6 18. Bf3 Qe7 19. Rd1 Rae8 20. Qf2 Bxc3 21. bxc3 Na4
22. Nb1 Nf6 23. e5 Nd5 24. exd6 Qxd6 25. Bc1 Qc7 26. Bxd5 Bxd5 27. Qh4 Qg7 28.
Qg3 Nc5 29. Nd2 Rf5 30. Qe3 Qc7 31. Nf3 Ref8 32. Nd4 R5f6 33. g3 Ne4 34. Kh2 g5
35. Ne2 Bb7 36. Rd4 Qc6 37. Qg1 e5 38. Rdd1 exf4 39. gxf4 gxf4 40. Qg4 Ng3 41.
Qd7+ R8f7 42. Qxc6 Nxf1+ 43. Rxf1 Bxc6 44. Rxf4 Rxf4 45. Bxf4 Bf3 0-1

[Event "DEM U14w 2011"]
[Site "Oberhof GER"]
[Date "2011.06.16"]
[Round "7"]
[White "Lagunow, Elina"]
[Black "Gaßmann, Linda"]
[Result "0-1"]
[Termination "normal"]
[Board "6"]
[WhiteElo "1738"]
[BlackElo "1799"]
[PlyCount "68"]
[WhiteFideId "4673387"]
[BlackFideId "12900451"]
[EventCountry "GER"]
[EventRounds "9"]
[EventType "swiss"]
[EventDate "2011.06.11"]

1. e4 e5 2. Nf3 Nf6 3. Nc3 Nc6 4. d4 exd4 5. Nxd4 Bc5 6. Nxc6 bxc6 7. Bd3 h6 8.
O-O d6 9. h3 O-O 10. Bf4 Re8 11. Qf3 Bd4 12. Rfe1 Rb8 13. Rab1 Be6 14. a3 Nd7
15. Be2 Qf6 16. Bd2 Qxf3 17. Bxf3 Ne5 18. Be2 Rb7 19. b3 Rbb8 20. Kf1 f5 21. f4
Nd7 22. Bf3 fxe4 23. Bxe4 d5 24. Bg6 Bf7 25. Bf5 Nf6 26. Ne2 Bb6 27. Bc3 Ne4
28. Bxe4 Rxe4 29. Be5 Bg6 30. g4 Rf8 31. Kg2 Rxe5 32. Ng3 Rxe1 33. Rxe1 Rxf4
34. Re2 Be4+ 0-1

[Event "DEM U14w 2011"]
[Site "Oberhof GER"]
[Date "2011.06.16"]
[Round "7"]
[White "Nitzsche, Pia"]
[Black "Bosse, Lea"]
[Result "1/2-1/2"]
[Termination "normal"]
[Board "7"]
[WhiteElo "1590"]
[BlackElo "1541"]
[PlyCount "67"]
[WhiteFideId "12900370"]
[BlackFideId "12900419"]
[EventCountry "GER"]
[EventRounds "9"]
[EventType "swiss"]
[EventDate "2011.06.11"]

1. c4 c6 2. Nc3 d5 3. cxd5 cxd5 4. d4 Nf6 5. Nf3 Bf5 6. Qb3 Qb6 7. Nxd5 Nxd5 8.
Qxd5 e6 9. Qc4 Nc6 10. a3 Rc8 11. e3 e5 12. Qb5 Qxb5 13. Bxb5 exd4 14. Nxd4 Bd7
15. Nxc6 Bxc6 16. Bxc6+ Rxc6 17. O-O g6 18. Bd2 Bg7 19. Rab1 Rc2 20. Bc1 Ke7
21. Rd1 Rhc8 22. g3 Re2 23. b4 Rcc2 24. Rf1 Ke6 25. Rb3 Bc3 26. Kg2 Be1 27. Rb2
Bxf2 28. Kf3 Rxb2 29. Bxb2 Rxb2 30. Rxf2 Rb3 31. Ra2 Ke5 32. Rc2 Kd6 33. Rd2+
Ke6 34. Ra2 1/2-1/2

[Event "DEM U14w 2011"]
[Site "Oberhof GER"]
[Date "2011.06.16"]
[Round "7"]
[White "Weber, Sandra"]
[Black "Halas, Lena"]
[Result "1/2-1/2"]
[Termination "normal"]
[Board "8"]
[WhiteElo "1624"]
[BlackElo "1558"]
[PlyCount "78"]
[WhiteFideId "1270049"]
[BlackFideId "12931799"]
[EventCountry "GER"]
[EventRounds "9"]
[EventType "swiss"]
[EventDate "2011.06.11"]

1. e4 c6 2. d4 d5 3. Nc3 dxe4 4. Nxe4 Bf5 5. Ng3 Bg6 6. h4 h6 7. Nf3 e6 8. h5
Bh7 9. Bd3 Bxd3 10. Qxd3 Nd7 11. Bd2 Qc7 12. Qe2 Be7 13. O-O-O O-O-O 14. Ne5
Rf8 15. Kb1 Ngf6 16. Rhe1 Qb6 17. Nc4 Qa6 18. Ne5 Qxe2 19. Rxe2 Bd6 20. c4 c5
21. Bc3 cxd4 22. Bxd4 Bxe5 23. Bxe5 Nxe5 24. Rxe5 Rd8 25. Ree1 $11 25... Kc7
26. Kc2 Kc6 27. Kc3 Rxd1 28. Rxd1 Rc8 29. b4 Kc7 30. Kb3 Rd8 31. Rxd8 Kxd8 32.
c5 Kc7 33. b5 Nd5 34. Ne2 Kd7 35. Kc4 Kc7 36. a4 Ne7 37. Nc3 Ng8 38. Kd4 Ne7
39. Ne4 39... Nf5+ $11 1/2-1/2

[Event "DEM U14w 2011"]
[Site "Oberhof GER"]
[Date "2011.06.16"]
[Round "7"]
[White "Rahimi, Anita"]
[Black "Mehling, Katharina"]
[Result "1/2-1/2"]
[Termination "normal"]
[Board "10"]
[WhiteElo "1341"]
[BlackElo "1644"]
[PlyCount "74"]
[WhiteFideId "24692336"]
[BlackFideId "12900362"]
[EventCountry "GER"]
[EventRounds "9"]
[EventType "swiss"]
[EventDate "2011.06.11"]

1. d4 Nf6 2. Bf4 g6 3. e3 Bg7 4. Nf3 O-O 5. Be2 d6 6. h3 Nbd7 7. c4 c5 8. O-O
b6 9. Nc3 Bb7 10. Rc1 h6 11. Re1 Ne4 12. Bh2 Ndf6 13. Nd2 Nxc3 14. bxc3 Nd7 15.
Bf3 Bxf3 16. Nxf3 e5 17. Qd3 Qe7 18. Nd2 f5 19. f3 Rad8 20. Rcd1 Qf7 21. Rf1 d5
22. dxe5 Nxe5 23. Bxe5 Bxe5 24. cxd5 Qxd5 25. Qxd5+ Rxd5 26. Nb1 Rfd8 27. Rxd5
Rxd5 28. c4 Rd3 29. f4 Bf6 30. Kf2 Kf7 31. Ke2 Rd7 32. Rd1 Rxd1 33. Kxd1 a6 34.
a4 g5 35. g3 h5 36. Kd2 gxf4 37. gxf4 Ke6 1/2-1/2

[Event "DEM U14w 2011"]
[Site "Oberhof GER"]
[Date "2011.06.16"]
[Round "7"]
[White "Rosmait, Emily"]
[Black "Petermann, Tessa"]
[Result "0-1"]
[Termination "normal"]
[Board "11"]
[WhiteElo "1253"]
[BlackElo "1358"]
[PlyCount "84"]
[WhiteFideId "12937754"]
[BlackFideId "12929492"]
[EventCountry "GER"]
[EventRounds "9"]
[EventType "swiss"]
[EventDate "2011.06.11"]

1. e4 c5 2. Nf3 a6 3. d4 cxd4 4. Nxd4 Nf6 5. Nc3 d6 6. Be3 g6 7. f3 Bg7 8. Qd2
O-O 9. O-O-O Nc6 10. Bc4 Qc7 11. g4 Nxd4 12. Qxd4 Nd7 13. Qd3 Ne5 14. Bxf7+
Kxf7 15. Qe2 Be6 16. h3 Kg8 17. Rhf1 Bc4 18. Nd5 Bxe2 19. Nxc7 Rac8 20. Ne6
Rfe8 21. Nd4 Bxf1 22. Rxf1 Nc4 23. Bf2 Bh6+ 24. Kd1 e5 25. Nb3 Nxb2+ 26. Ke1
Rxc2 27. Bg3 a5 28. h4 a4 29. g5 axb3 30. axb3 Rc1+ 31. Kf2 Rxf1+ 32. Kxf1 Bg7
33. Ke2 Rc8 34. Kd2 Bf8 35. Bf2 $11 35... b5 36. Bb6 $11 36... Be7 37. Ba5 Bd8
38. Bb4 Bb6 39. Bxd6 Rd8 40. Kc2 Rxd6 41. Kxb2 b4 42. Kc2 Bf2 0-1